Certain Greeks; (Record no. 18052)

MARC details
000 -LEADER
fixed length control field 00540cam a22002051 4500
001 - CONTROL NUMBER
control field ca 36000245
003 - CONTROL NUMBER IDENTIFIER
control field DLC
005 - DATE AND TIME OF LATEST TRANSACTION
control field 20260227111140.0
008 - FIXED-LENGTH DATA ELEMENTS--GENERAL INFORMATION
fixed length control field 760716s1935 nyu 000 0 eng
010 ## - LIBRARY OF CONGRESS CONTROL NUMBER
LC control number ca 36000245
035 ## - SYSTEM CONTROL NUMBER
System control number (OCoLC)2315044
040 ## - CATALOGING SOURCE
Original cataloging agency DLC
Transcribing agency AzTeS
Modifying agency AzTeS
-- DLC
042 ## - AUTHENTICATION CODE
Authentication code premarc
050 00 - LIBRARY OF CONGRESS CALL NUMBER
Classification number PS3515.A434
Item number C4 1935
082 ## - DEWEY DECIMAL CLASSIFICATION NUMBER
Classification number 812.5
100 1# - MAIN ENTRY--PERSONAL NAME
Personal name Hamlin, Mary P.
245 10 - TITLE STATEMENT
Title Certain Greeks;
Remainder of title a play in one act,
Statement of responsibility, etc. by Mary P. Hamlin.
260 ## - PUBLICATION, DISTRIBUTION, ETC.
Place of publication, distribution, etc. New York,
Name of publisher, distributor, etc. S. French,
Date of publication, distribution, etc. c1935.
300 ## - PHYSICAL DESCRIPTION
Extent 45 p.
Dimensions 19 cm.

No items available.

Powered by Koha